00578cam a22002177a 4500003000500000005001700005008004100022010001000063011001000073020001500083035001100098040000900109082001300118100002600131245004500157260005400202300002000256490003300276650001800309830003300327CHAP20220329143521.0100323s1979 us r 00010 eng d a97863 a98835 a0716702932 a109520 cCHAP00a577bF7300aFolsome, Clair Edwin.13aThe origin of life :ba warm little pond aSan Francisco :bW.H. Freeman and Company,cc1979 a168 p. :bilus. aA series of books in biology14aVidaxOrigen.0 aA series of books in biology